Justice, law and argument: essays on moral and legal reasoning (Record no. 203938)

MARC details
000 -LEADER
fixed length control field 00389nam a2200145Ia 4500
008 - FIXED-LENGTH DATA ELEMENTS--GENERAL INFORMATION
fixed length control field 230917s9999||||xx |||||||||||||| ||und||
040 ## - CATALOGING SOURCE
-- 78544
Original cataloging agency VIVEKANANDA LIBRARY
041 ## - Language
-- English
082 ## - DDC NUMBER
Classification number 340.1 P414J
100 ## - MAIN ENTRY--PERSONAL NAME
Personal name Perelman, C H
245 #0 - TITLE STATEMENT
Title Justice, law and argument: essays on moral and legal reasoning
260 ## - PUBLICATION, DISTRIBUTION, ETC. (IMPRINT)
Place of publication, distribution, etc Dordrecht
Name of publisher, distributor, etc D Reidel
Date of publication, distribution, etc 1980
300 ## - PHYSICAL DESCRIPTION
Pages xiii, 181 p.
942 ## - ADDED ENTRY ELEMENTS (KOHA)
Koha item type Books
Holdings
Withdrawn status Lost status Damaged status Not for loan Location (home branch) Sublocation or collection (holding branch) Date acquired Koha issues (times borrowed) Koha full call number Accession No. Koha date last seen Koha item type
        VIVEKANANDA LIBRARY VIVEKANANDA LIBRARY 05/03/2003   340.1 P414J 64344 17/09/2023 Books
© Designed and Maintained by Vivekananda Library, MDU Rohtak